Sinuhet /

Hlavní autor: Zamarovský, Vojtěch, 1919-2006
Další autoři: Monogramista T.D, 1947-
Jazyk: Slovenština
Vydáno: Bratislava : Mladé letá, 1987
Vydání: 1. vydanie
Edice: Pradávne príbehy
Témata:
Fyzický popis: 106 stran : ilustrace
Knihy
Uloženo v:
LEADER 01892nam a22004932i 4500
001 001511937
003 CZ BrMZK
005 20181127140546.0
007 ta
008 160217s1987 xo a cr|||||||||j|slo d
040 |a LIA001  |b cze  |d BOA001  |e rda 
043 |a f-ua--- 
045 |a c0c2 
072 7 |a 821-31/-34  |x Milostná, dobrodružná, fantastická próza  |2 Konspekt  |9 25 
072 7 |a 821-93  |x Literatura pro děti a mládež (beletrie)  |2 Konspekt  |9 26 
080 |a 821-32  |2 MRF 
080 |a 821-93  |2 MRF 
080 |a 82-052-021.171  |2 MRF 
080 |a 94(32)  |2 MRF 
080 |a (0:82-32)  |2 MRF 
080 |a (0.046.6)  |2 MRF 
100 1 |a Zamarovský, Vojtěch,  |d 1919-2006  |7 jk01152053  |4 aut 
245 1 0 |a Sinuhet /  |c podľa staroegyptských prameňov prerozprával, predslov, doslov, poznámky a vysvětlivky napísal Vojtěch Zamarovský ; ilustroval Dezider Tóth 
250 |a 1. vydanie 
264 1 |a Bratislava :  |b Mladé letá,  |c 1987 
300 |a 106 stran :  |b ilustrace 
336 |a text  |b txt  |2 rdacontent 
337 |a bez média  |b n  |2 rdamedia 
338 |a svazek  |b nc  |2 rdacarrier 
490 1 |a Pradávne príbehy 
521 8 |a Určeno pro čtenáře od 11 let 
600 0 7 |a Sinuhet  |c (fiktivní postava)  |7 jo2016908723  |2 czenas 
648 4 |a 2. tisíciletí př. Kr. 
650 0 7 |a fiktivní postavy  |7 ph120178  |z starověký Egypt  |y 2. tisíciletí př. Kr.  |2 czenas 
651 7 |a starověký Egypt  |7 ge146585  |x dějiny  |y 2. tisíciletí př. Kr.  |2 czenas 
655 7 |a příběhy  |7 fd133204  |2 czenas 
655 7 |a literární adaptace  |7 fd119387  |2 czenas 
655 7 |a publikace pro děti  |7 fd133156  |2 czenas 
700 0 |a Monogramista T.D,  |d 1947-  |7 jo20010044149  |4 ill 
830 0 |a Pradávne príbehy 
910 |a BOA001  |b M2-0919.912 
990 |a BK 
991 |b 201602 
996 7 |b 2619146351  |c M2-0919.912  |l MZK  |r Sklad / do 24 hodin  |n 0  |w 001547246  |u 000010  |a 1  |e BOA001  |j MZK50  |s A